Logo CIB grande

ADSORPTION ON SOLIDS (Registro nro. 195991)

Detalles MARC
000 -LEADER
campo de control de longitud fija 00530nam a2200229Ia 4500
005 - FECHA Y HORA DE LA ÚLTIMA TRANSACCIÓN
campo de control 20250425160758.0
008 - DATOS DE LONGITUD FIJA--INFORMACIÓN GENERAL
campo de control de longitud fija 250425s9999 xx 000 0 und d
020 ## - NÚMERO INTERNACIONAL ESTÁNDAR DEL LIBRO
Número Internacional Estándar del Libro 0408702869
041 ## - CÓDIGO DE IDIOMA
Código de lengua del texto/banda sonora o título independiente eng
082 ## - NÚMERO DE LA CLASIFICACIÓN DECIMAL DEWEY
Número de clasificación 541.3453
010 ## - NÚMERO DE CONTROL DE LA BIBLIOTECA DEL CONGRESO
Número de control de LC 5050
100 ## - ENTRADA PRINCIPAL--NOMBRE DE PERSONA
Nombre de persona PONEC, WLADIMIR
245 #0 - MENCIÓN DEL TÍTULO
Título ADSORPTION ON SOLIDS
250 ## - MENCION DE EDICION
Mención de edición 1TH ED.
260 ## - PUBLICACIÓN, DISTRIBUCIÓN, ETC.
Lugar de publicación, distribución, etc. LONDON
260 ## - PUBLICACIÓN, DISTRIBUCIÓN, ETC.
Lugar de publicación, distribución, etc. Reino Unido
Nombre del editor, distribuidor, etc. BUTTERWORTH
Fecha de publicación, distribución, etc. 1974
300 ## - DESCRIPCIÓN FÍSICA
Extensión 693
650 ## - PUNTO DE ACCESO ADICIONAL DE MATERIA--TÉRMINO DE MATERIA
Término de materia o nombre geográfico como elemento de entrada ABSORCION DE SOLIDOS
700 ## - ENTRADA AGREGADA--NOMBRE PERSONAL
Nombre de persona CERNY, SLAVOJ
700 ## - ENTRADA AGREGADA--NOMBRE PERSONAL
Nombre de persona KNOR, ZLATKO
942 ## - ELEMENTOS DE ENTRADA SECUNDARIOS (KOHA)
Tipo de ítem Koha Libros
Existencias
Estatus retirado Estado de pérdida Estado de daño No para préstamo Biblioteca de origen Biblioteca actual Fecha de adquisición Coste, precio normal de compra Total de préstamos Código de barras Copia número Tipo de ítem Koha
        CENTRO DE INFORMACIÓN BIBLIOTECARIA CENTRO DE INFORMACIÓN BIBLIOTECARIA 26/06/1998 0.01   10073 1 Libros

Copyright 2025 ESPOL. Todos los derechos reservados.